[Event "wyco2016"]
[Site "?"]
[Date "2016.07.24"]
[Round "4.16"]
[White "Korenova, Simona"]
[Black "Tomcikova, Dominika"]
[Result "1/2-1/2"]
[BlackElo "1877"]
[WhiteElo "1638"]
[LiveChessVersion "1.4.7"]

1. d4 {[%clk 1:30:57]} Nf6 {[%clk 1:30:50]} 2. c4 {[%clk 1:31:13]} e6
{[%clk 1:31:06]} 3. g3 {[%clk 1:30:14]} d5 {[%clk 1:27:19]} 4. Bg2
{[%clk 1:30:08]} c5 {[%clk 1:19:58]} 5. cxd5 {[%clk 1:23:39]} Nxd5
{[%clk 1:17:45]} 6. Nf3 {[%clk 1:17:05]} Nc6 {[%clk 1:08:32]} 7. a3
{[%clk 1:15:16]} Nb6 {[%clk 0:59:19]} 8. e3 {[%clk 1:05:14]} Be7 {[%clk 0:53:18]}
9. O-O {[%clk 1:00:29]} O-O {[%clk 0:53:01]} 10. dxc5 {[%clk 0:57:03]} Bxc5
{[%clk 0:52:40]} 11. Nc3 {[%clk 0:54:37]} Qc7 {[%clk 0:49:28]} 12. Qc2
{[%clk 0:44:52]} Ne5 {[%clk 0:24:37]} 13. Nb5 {[%clk 0:36:38]} Nxf3+
{[%clk 0:23:46]} 14. Bxf3 {[%clk 0:35:43]} Qe7 {[%clk 0:23:31]} 15. b4
{[%clk 0:29:27]} Bd6 {[%clk 0:20:20]} 16. Bb2 {[%clk 0:25:28]} a6
{[%clk 0:16:01]} 17. Nxd6 {[%clk 0:20:49]} Qxd6 {[%clk 0:16:14]} 18. Rfd1
{[%clk 0:19:20]} Qe7 {[%clk 0:15:58]} 19. Be5 {[%clk 0:13:11]} Nd5
{[%clk 0:07:51]} 20. Bxd5 {[%clk 0:08:37]} exd5 {[%clk 0:08:11]} 21. Rxd5
{[%clk 0:07:22]} Be6 {[%clk 0:05:43]} 22. Rc5 {[%clk 0:05:02]} Rac8
{[%clk 0:04:24]} 23. Rc1 {[%clk 0:03:59]} Rxc5 {[%clk 0:04:20]} 24. Qxc5
{[%clk 0:04:22]} Qxc5 {[%clk 0:04:15]} 25. Rxc5 {[%clk 0:04:29]} Rc8
{[%clk 0:03:47]} 26. Rxc8+ {[%clk 0:04:04]} Bxc8 {[%clk 0:04:08]} 27. Kg2
{[%clk 0:04:20]} f6 {[%clk 0:04:04]} 28. Bd4 {[%clk 0:04:16]} Kf7
{[%clk 0:04:03]} 29. Kf3 {[%clk 0:04:03]} Ke6 {[%clk 0:03:41]} 30. Ke4
{[%clk 0:03:14]} Bd7 {[%clk 0:03:40]} 31. Bc5 {[%clk 0:01:22]} g6
{[%clk 0:02:54]} 32. Bd4 {[%clk 0:01:04]} Bb5 {[%clk 0:02:23]} 33. Bc5
{[%clk 0:00:50]} Bd7 {[%clk 0:01:55]} 34. Bd4 {[%clk 0:00:35]} 1/2-1/2

[Event "wyco2016"]
[Site "?"]
[Date "2016.07.24"]
[Round "4.17"]
[White "Kostolansky, Sebastian Lukas"]
[Black "Wolmarans, Riekie"]
[Result "1-0"]
[BlackElo "1429"]
[WhiteElo "1962"]
[LiveChessVersion "1.4.7"]

1. e4 {[%clk 1:30:57]} c5 {[%clk 1:30:38]} 2. Nf3 {[%clk 1:31:16]} d6
{[%clk 1:30:24]} 3. d4 {[%clk 1:30:08]} cxd4 {[%clk 1:29:45]} 4. Nxd4
{[%clk 1:30:27]} a6 {[%clk 1:29:25]} 5. Nc3 {[%clk 1:30:38]} Nf6 {[%clk 1:29:04]}
6. f3 {[%clk 1:28:13]} e6 {[%clk 1:25:37]} 7. Be3 {[%clk 1:26:26]} Be7
{[%clk 1:22:19]} 8. Qd2 {[%clk 1:25:01]} Qc7 {[%clk 1:18:30]} 9. O-O-O
{[%clk 1:23:28]} Nc6 {[%clk 1:12:03]} 10. g4 {[%clk 1:19:20]} Nxd4
{[%clk 1:07:43]} 11. Bxd4 {[%clk 1:17:20]} e5 {[%clk 1:05:36]} 12. Be3
{[%clk 1:16:38]} Be6 {[%clk 1:03:14]} 13. g5 {[%clk 1:13:34]} Nd7
{[%clk 1:00:20]} 14. Nd5 {[%clk 1:08:32]} Bxd5 {[%clk 0:53:46]} 15. exd5
{[%clk 1:07:53]} b5 {[%clk 0:47:50]} 16. h4 {[%clk 1:02:30]} Qb7 {[%clk 0:37:47]}
17. f4 {[%clk 0:52:27]} exf4 {[%clk 0:30:33]} 18. Bxf4 {[%clk 0:49:30]} O-O-O
{[%clk 0:27:01]} 19. Qd4 {[%clk 0:35:16]} f6 {[%clk 0:23:56]} 20. Rh3
{[%clk 0:31:09]} Kb8 {[%clk 0:21:31]} 21. Re3 {[%clk 0:23:46]} Nc5
{[%clk 0:19:28]} 22. Qxc5 {[%clk 0:23:29]} Rhe8 {[%clk 0:17:02]} 23. gxf6
{[%clk 0:21:24]} gxf6 {[%clk 0:16:07]} 24. Rde1 {[%clk 0:18:13]} Rd7
{[%clk 0:14:29]} 25. Qc6 {[%clk 0:16:06]} Ka8 {[%clk 0:10:46]} 26. Bh3
{[%clk 0:15:20]} Rc7 {[%clk 0:07:53]} 27. Qxe8+ {[%clk 0:15:34]} Ka7
{[%clk 0:07:33]} 28. Rxe7 {[%clk 0:15:50]} 1-0

[Event "wyco2016"]
[Site "?"]
[Date "2016.07.24"]
[Round "4.18"]
[White "Kara, Zahra"]
[Black "Sandor, Martin"]
[Result "1/2-1/2"]
[BlackElo "1763"]
[WhiteElo "1335"]
[LiveChessVersion "1.4.7"]

1. e4 {[%clk 1:30:58]} c5 {[%clk 1:30:49]} 2. Nf3 {[%clk 1:31:25]} d6
{[%clk 1:31:14]} 3. d4 {[%clk 1:31:51]} cxd4 {[%clk 1:31:35]} 4. Nxd4
{[%clk 1:32:16]} Nf6 {[%clk 1:31:57]} 5. Nc3 {[%clk 1:32:38]} a6 {[%clk 1:32:23]}
6. Be3 {[%clk 1:32:40]} e5 {[%clk 1:32:23]} 7. Nb3 {[%clk 1:33:05]} Be7
{[%clk 1:31:55]} 8. Qd2 {[%clk 1:32:33]} Be6 {[%clk 1:31:53]} 9. f3
{[%clk 1:32:53]} Qc7 {[%clk 1:27:51]} 10. O-O-O {[%clk 1:32:11]} O-O
{[%clk 1:26:56]} 11. g4 {[%clk 1:31:59]} Rc8 {[%clk 1:25:54]} 12. Kb1
{[%clk 1:31:07]} Nc6 {[%clk 1:21:00]} 13. g5 {[%clk 1:30:59]} Nd7
{[%clk 1:18:36]} 14. Nd5 {[%clk 1:30:44]} Bxd5 {[%clk 1:17:44]} 15. exd5
{[%clk 1:31:00]} Na7 {[%clk 1:14:45]} 16. Bh3 {[%clk 1:26:15]} Rcb8
{[%clk 1:10:56]} 17. Rhg1 {[%clk 1:24:13]} b6 {[%clk 1:07:19]} 18. Qe2
{[%clk 1:15:07]} a5 {[%clk 1:03:36]} 19. a4 {[%clk 1:08:56]} Nc5 {[%clk 1:01:26]}
20. Nxc5 {[%clk 1:07:07]} bxc5 {[%clk 0:58:51]} 21. Ka2 {[%clk 1:01:04]} Rb7
{[%clk 0:42:44]} 22. b3 {[%clk 0:53:42]} Rab8 {[%clk 0:38:25]} 23. Rd3
{[%clk 0:40:15]} Nc8 {[%clk 0:32:33]} 24. Bxc8 {[%clk 0:39:11]} Qxc8
{[%clk 0:32:36]} 25. Rc3 {[%clk 0:32:33]} f6 {[%clk 0:27:42]} 26. gxf6
{[%clk 0:29:38]} Bxf6 {[%clk 0:27:29]} 27. Rc4 {[%clk 0:26:46]} Qd7
{[%clk 0:20:41]} 28. Qd2 {[%clk 0:17:27]} Rb4 {[%clk 0:17:10]} 29. Rgg4
{[%clk 0:15:51]} Rxc4 {[%clk 0:14:16]} 30. Rxc4 {[%clk 0:16:06]} Qc7
{[%clk 0:12:03]} 31. Kb1 {[%clk 0:11:02]} Rb4 {[%clk 0:08:09]} 32. Rxb4
{[%clk 0:11:26]} cxb4 {[%clk 0:08:21]} 33. Qd3 {[%clk 0:11:12]} g6
{[%clk 0:08:07]} 34. Bd2 {[%clk 0:09:20]} Qc5 {[%clk 0:07:47]} 35. Be3
{[%clk 0:08:53]} Qc7 {[%clk 0:08:08]} 36. Bd2 {[%clk 0:09:11]} Qc5
{[%clk 0:07:51]} 37. Be3 {[%clk 0:09:37]} Qc7 {[%clk 0:06:41]} 38. Bd2 1/2-1/2

[Event "wyco2016"]
[Site "?"]
[Date "2016.07.24"]
[Round "4.19"]
[White "Vozarova, Adriana"]
[Black "Du Plessis, Anika"]
[Result "0-1"]
[BlackElo "1248"]
[WhiteElo "1561"]
[LiveChessVersion "1.4.7"]

1. e4 {[%clk 1:30:59]} d5 {[%clk 1:30:45]} 2. exd5 {[%clk 1:30:34]} Qxd5
{[%clk 1:31:11]} 3. Nc3 {[%clk 1:29:40]} Qd6 {[%clk 1:31:33]} 4. d4
{[%clk 1:28:49]} c6 {[%clk 1:31:58]} 5. Nf3 {[%clk 1:28:18]} Bg4 {[%clk 1:32:23]}
6. Be2 {[%clk 1:28:00]} Nf6 {[%clk 1:32:21]} 7. O-O {[%clk 1:25:17]} Nbd7
{[%clk 1:32:36]} 8. Be3 {[%clk 1:22:28]} e6 {[%clk 1:31:44]} 9. Qd2
{[%clk 1:20:44]} Qc7 {[%clk 1:28:53]} 10. Rfb1 {[%clk 1:17:35]} Bd6
{[%clk 1:28:22]} 11. h3 {[%clk 1:15:45]} Bh5 {[%clk 1:27:53]} 12. b4
{[%clk 1:14:47]} a6 {[%clk 1:26:35]} 13. a4 {[%clk 1:14:24]} O-O {[%clk 1:26:31]}
14. b5 {[%clk 1:02:53]} axb5 {[%clk 1:24:45]} 15. axb5 {[%clk 1:02:47]} Rxa1
{[%clk 1:25:06]} 16. Rxa1 {[%clk 1:02:59]} Bb4 {[%clk 1:20:43]} 17. Qd3
{[%clk 1:01:02]} Nb6 {[%clk 1:10:06]} 18. Ne4 {[%clk 0:53:24]} Nxe4
{[%clk 0:59:44]} 19. Qxe4 {[%clk 0:52:50]} cxb5 {[%clk 0:57:55]} 20. Bxb5
{[%clk 0:46:13]} Bg6 {[%clk 0:56:49]} 21. Qg4 {[%clk 0:37:17]} Bf5
{[%clk 0:49:18]} 22. Qh5 {[%clk 0:24:59]} Bxc2 {[%clk 0:44:38]} 23. Rc1
{[%clk 0:19:52]} Ba3 {[%clk 0:44:44]} 24. Ra1 {[%clk 0:14:13]} Bg6
{[%clk 0:44:16]} 25. Qg4 {[%clk 0:14:02]} Bd6 {[%clk 0:44:09]} 26. Rc1
{[%clk 0:13:37]} Qb8 {[%clk 0:41:14]} 27. Ne5 {[%clk 0:12:12]} Bxe5
{[%clk 0:34:36]} 28. dxe5 {[%clk 0:12:19]} Qxe5 {[%clk 0:34:24]} 29. Bxb6
{[%clk 0:10:51]} Qxb5 {[%clk 0:34:51]} 30. Be3 {[%clk 0:10:43]} Qb2
{[%clk 0:33:43]} 31. Qf3 {[%clk 0:08:49]} b5 {[%clk 0:33:35]} 32. Qb7
{[%clk 0:08:30]} Bc2 {[%clk 0:32:03]} 33. Qc6 {[%clk 0:07:52]} Bd3
{[%clk 0:30:10]} 34. Qd6 {[%clk 0:05:21]} Bc4 {[%clk 0:28:48]} 35. Rd1
{[%clk 0:05:05]} h6 {[%clk 0:28:09]} 36. Bc5 {[%clk 0:04:26]} Ra8
{[%clk 0:28:12]} 37. Rd2 {[%clk 0:03:54]} Qa1+ {[%clk 0:26:03]} 38. Rd1
{[%clk 0:03:28]} Qa6 {[%clk 0:25:39]} 39. Qd4 {[%clk 0:03:24]} Qc6
{[%clk 0:25:16]} 40. Bb4 {[%clk 0:03:11]} Qd5 {[%clk 0:23:51]} 41. Qg4
{[%clk 0:02:48]} Qe5 {[%clk 0:23:05]} 42. Re1 {[%clk 0:02:36]} Ra1
{[%clk 0:22:03]} 43. Rxa1 {[%clk 0:02:39]} Qxa1+ {[%clk 0:22:27]} 44. Kh2
{[%clk 0:03:03]} Qb2 {[%clk 0:22:34]} 45. Bc5 {[%clk 0:03:17]} Qe5+
{[%clk 0:20:28]} 0-1

[Event "wyco2016"]
[Site "?"]
[Date "2016.07.24"]
[Round "4.20"]
[White "Van Heerden, Lara"]
[Black "Petrek, David"]
[Result "1-0"]
[BlackElo "1548"]
[WhiteElo "1259"]
[LiveChessVersion "1.4.7"]

1. e4 {[%clk 1:30:58]} d5 {[%clk 1:30:51]} 2. exd5 {[%clk 1:30:29]} Qxd5
{[%clk 1:31:04]} 3. Nc3 {[%clk 1:28:58]} Qa5 {[%clk 1:31:15]} 4. d4
{[%clk 1:28:52]} Nf6 {[%clk 1:29:55]} 5. Bd2 {[%clk 1:28:55]} Qb6
{[%clk 1:26:46]} 6. Bc1 {[%clk 1:22:21]} Bf5 {[%clk 1:18:36]} 7. Bc4
{[%clk 1:21:45]} Nbd7 {[%clk 1:13:40]} 8. Nge2 {[%clk 1:20:37]} Qc6
{[%clk 1:12:26]} 9. b3 {[%clk 1:18:52]} Qxg2 {[%clk 1:07:22]} 10. Ng3
{[%clk 1:17:03]} Ne4 {[%clk 0:44:23]} 11. Ncxe4 {[%clk 1:14:22]} Bxe4
{[%clk 0:44:10]} 12. Rf1 {[%clk 1:14:41]} Qf3 {[%clk 0:43:24]} 13. Qd2
{[%clk 1:12:05]} Bd5 {[%clk 0:35:04]} 14. Be2 {[%clk 1:11:28]} Qf6
{[%clk 0:35:23]} 15. Bb2 {[%clk 1:11:31]} e6 {[%clk 0:34:38]} 16. O-O-O
{[%clk 1:11:13]} Bd6 {[%clk 0:31:53]} 17. f4 {[%clk 1:08:51]} a5 {[%clk 0:21:49]}
18. Rf2 {[%clk 1:05:41]} Qh6 {[%clk 0:13:24]} 19. Re1 {[%clk 1:04:07]} O-O
{[%clk 0:13:06]} 20. Rg1 {[%clk 1:03:52]} Nf6 {[%clk 0:12:52]} 21. c4
{[%clk 1:01:38]} Be4 {[%clk 0:12:15]} 22. d5 {[%clk 1:01:34]} Bc5
{[%clk 0:12:17]} 23. Nxe4 {[%clk 0:58:15]} Nxe4 {[%clk 0:10:37]} 24. Bxg7
{[%clk 0:57:30]} Nxd2 {[%clk 0:08:30]} 25. Bxh6+ {[%clk 0:57:52]} Kh8
{[%clk 0:08:27]} 26. Bg7+ {[%clk 0:56:38]} Kg8 {[%clk 0:08:51]} 27. Bf6# 1-0

[Event "wyco2016"]
[Site "?"]
[Date "2016.07.24"]
[Round "4.21"]
[White "Ieong, Seak Hin"]
[Black "Holly, Andrej"]
[Result "1-0"]
[BlackElo "1783"]
[WhiteElo "1726"]
[LiveChessVersion "1.4.7"]

1. e4 {[%clk 1:30:48]} c5 {[%clk 1:30:51]} 2. Nc3 {[%clk 1:30:37]} d6
{[%clk 1:30:42]} 3. g3 {[%clk 1:31:03]} Nf6 {[%clk 1:30:57]} 4. Bg2
{[%clk 1:31:28]} g6 {[%clk 1:30:45]} 5. d3 {[%clk 1:31:47]} Bg7 {[%clk 1:30:07]}
6. f4 {[%clk 1:31:56]} Nc6 {[%clk 1:28:30]} 7. Nf3 {[%clk 1:32:20]} Bg4
{[%clk 1:26:41]} 8. h3 {[%clk 1:32:08]} Bxf3 {[%clk 1:18:55]} 9. Bxf3
{[%clk 1:32:31]} Nd7 {[%clk 1:08:31]} 10. Be3 {[%clk 1:20:03]} Nd4
{[%clk 1:00:23]} 11. g4 {[%clk 1:18:35]} a6 {[%clk 0:56:22]} 12. O-O
{[%clk 1:12:07]} b5 {[%clk 0:51:39]} 13. Bg2 {[%clk 1:09:36]} Rb8
{[%clk 0:45:32]} 14. Rb1 {[%clk 1:06:12]} b4 {[%clk 0:42:39]} 15. Ne2
{[%clk 1:05:54]} Nxe2+ {[%clk 0:42:42]} 16. Qxe2 {[%clk 1:06:10]} Qa5
{[%clk 0:41:02]} 17. e5 {[%clk 0:59:51]} O-O {[%clk 0:33:06]} 18. Bd5
{[%clk 0:35:41]} dxe5 {[%clk 0:27:40]} 19. fxe5 {[%clk 0:35:13]} Nxe5
{[%clk 0:26:41]} 20. Bf4 {[%clk 0:33:52]} Rbd8 {[%clk 0:21:35]} 21. Bxe5
{[%clk 0:33:36]} Rxd5 {[%clk 0:21:36]} 22. Bxg7 {[%clk 0:34:03]} Kxg7
{[%clk 0:21:54]} 23. Qxe7 {[%clk 0:34:24]} Qb6 {[%clk 0:20:39]} 24. Kg2
{[%clk 0:33:16]} Qc6 {[%clk 0:20:33]} 25. Rf3 {[%clk 0:33:11]} c4
{[%clk 0:13:40]} 26. Rbf1 {[%clk 0:30:15]} Rd7 {[%clk 0:12:39]} 27. Qf6+
{[%clk 0:20:41]} Qxf6 {[%clk 0:12:50]} 28. Rxf6 {[%clk 0:21:06]} cxd3
{[%clk 0:12:38]} 29. cxd3 {[%clk 0:21:32]} a5 {[%clk 0:11:18]} 30. R1f3
{[%clk 0:21:15]} Rc8 {[%clk 0:10:39]} 31. Ra6 {[%clk 0:18:50]} Rc5
{[%clk 0:09:51]} 32. Rf2 {[%clk 0:17:40]} Rcd5 {[%clk 0:09:26]} 33. b3
{[%clk 0:17:37]} f5 {[%clk 0:07:07]} 34. gxf5 {[%clk 0:17:39]} gxf5
{[%clk 0:07:30]} 35. d4 {[%clk 0:17:44]} Rf7 {[%clk 0:06:39]} 36. Rd2
{[%clk 0:14:49]} Rf6 {[%clk 0:06:44]} 37. Ra7+ {[%clk 0:15:04]} Kg6
{[%clk 0:07:06]} 38. Kf3 {[%clk 0:15:20]} h5 {[%clk 0:01:15]} 39. Rg2+
{[%clk 0:15:47]} Kh6 {[%clk 0:01:34]} 40. Rgg7 {[%clk 0:15:30]} Rfd6
{[%clk 0:01:37]} 41. Rh7+ {[%clk 0:15:27]} Kg6 {[%clk 0:01:54]} 42. Rhe7
{[%clk 0:15:00]} Rxd4 {[%clk 0:01:07]} 43. Rxa5 {[%clk 0:15:24]} Rd3+
{[%clk 0:01:23]} 44. Re3 {[%clk 0:15:47]} Rxe3+ {[%clk 0:01:26]} 45. Kxe3
{[%clk 0:16:14]} Rb6 {[%clk 0:00:47]} 46. Kf4 {[%clk 0:16:37]} Rf6
{[%clk 0:00:39]} 47. Rb5 {[%clk 0:16:58]} Ra6 {[%clk 0:01:01]} 48. Rxf5
{[%clk 0:17:17]} Rxa2 {[%clk 0:01:21]} 49. Rb5 {[%clk 0:17:44]} Rf2+
{[%clk 0:00:55]} 50. Kg3 {[%clk 0:18:08]} Rc2 {[%clk 0:01:03]} 51. Rxb4
{[%clk 0:18:23]} Rc3+ {[%clk 0:01:30]} 52. Kh4 {[%clk 0:18:25]} Rc6
{[%clk 0:01:55]} 53. Rb5 {[%clk 0:18:47]} Rc3 {[%clk 0:02:01]} 54. Rb6+
{[%clk 0:19:06]} Kf7 {[%clk 0:02:20]} 55. b4 {[%clk 0:19:30]} Kg7
{[%clk 0:02:14]} 56. b5 {[%clk 0:19:45]} Kf7 {[%clk 0:02:35]} 57. Rc6
{[%clk 0:19:53]} Rb3 {[%clk 0:02:56]} 58. Rc5 {[%clk 0:20:17]} Ke6
{[%clk 0:03:19]} 59. Rxh5 {[%clk 0:20:40]} Rb4+ {[%clk 0:03:39]} 60. Kg3
{[%clk 0:20:49]} Rb3+ {[%clk 0:04:06]} 61. Kf4 {[%clk 0:21:07]} Rb4+
{[%clk 0:04:27]} 62. Ke3 {[%clk 0:21:32]} Kd6 {[%clk 0:04:41]} 63. Kd3
{[%clk 0:21:51]} Rb3+ {[%clk 0:05:07]} 64. Kc4 {[%clk 0:22:09]} Rb1
{[%clk 0:05:31]} 65. Rh6+ {[%clk 0:22:35]} Kc7 {[%clk 0:05:52]} 66. h4
{[%clk 0:21:04]} Rc1+ {[%clk 0:06:14]} 67. Kd3 {[%clk 0:21:14]} Rb1
{[%clk 0:06:30]} 68. b6+ {[%clk 0:21:30]} Kb7 {[%clk 0:06:54]} 69. h5
{[%clk 0:21:08]} Rb5 {[%clk 0:07:15]} 70. Ke4 {[%clk 0:21:04]} Rg5
{[%clk 0:07:29]} 71. Kf4 {[%clk 0:21:24]} Rb5 {[%clk 0:07:55]} 72. Kg4
{[%clk 0:21:27]} Rb4+ {[%clk 0:07:51]} 73. Kf5 {[%clk 0:18:10]} Rb5+
{[%clk 0:08:17]} 74. Kg6 {[%clk 0:18:17]} Rxb6+ {[%clk 0:08:42]} 75. Kg7
{[%clk 0:18:39]} Rb5 {[%clk 0:08:43]} 76. Rh7 {[%clk 0:18:54]} Kc6
{[%clk 0:07:52]} 77. Kh6 {[%clk 0:19:18]} Kd6 {[%clk 0:07:51]} 78. Rf7
{[%clk 0:19:20]} Ke6 {[%clk 0:08:01]} 79. Rf2 {[%clk 0:19:26]} Ke7
{[%clk 0:07:40]} 80. Kg6 {[%clk 0:19:47]} Rb6+ {[%clk 0:07:50]} 81. Kg7
{[%clk 0:20:08]} Ke8 {[%clk 0:07:38]} 82. Re2+ {[%clk 0:19:55]} Kd7
{[%clk 0:07:52]} 83. h6 {[%clk 0:20:20]} Rb7 {[%clk 0:07:52]} 84. h7
{[%clk 0:20:16]} Kd6+ {[%clk 0:08:04]} 85. Kh6 {[%clk 0:20:23]} Rb8
{[%clk 0:08:24]} 86. Rg2 {[%clk 0:20:45]} Ke7 {[%clk 0:08:22]} 87. Rg8
{[%clk 0:20:50]} Rb6+ {[%clk 0:08:11]} 88. Kg7 {[%clk 0:20:28]} 1-0

[Event "wyco2016"]
[Site "?"]
[Date "2016.07.24"]
[Round "4.22"]
[White "Sromovska, Livia"]
[Black "Kou, Seong Kei"]
[Result "1-0"]
[BlackElo "1398"]
[WhiteElo "1631"]
[LiveChessVersion "1.4.7"]

1. c4 {[%clk 1:30:56]} e5 {[%clk 1:30:53]} 2. Nc3 {[%clk 1:31:17]} Nf6
{[%clk 1:30:58]} 3. g3 {[%clk 1:31:33]} d5 {[%clk 1:30:53]} 4. cxd5
{[%clk 1:30:54]} Nxd5 {[%clk 1:31:09]} 5. Qb3 {[%clk 1:29:55]} Nb6
{[%clk 1:29:38]} 6. Bg2 {[%clk 1:29:29]} Nc6 {[%clk 1:28:26]} 7. Qb5
{[%clk 1:27:46]} Qd6 {[%clk 1:22:03]} 8. Nf3 {[%clk 1:24:34]} a6 {[%clk 1:17:07]}
9. Qb3 {[%clk 1:24:25]} Be6 {[%clk 1:16:24]} 10. Qd1 {[%clk 1:22:41]} Be7
{[%clk 1:15:53]} 11. d3 {[%clk 1:21:47]} f6 {[%clk 1:13:25]} 12. a3
{[%clk 1:19:29]} a5 {[%clk 1:11:52]} 13. Nb5 {[%clk 1:12:28]} Qd7
{[%clk 1:10:11]} 14. Be3 {[%clk 1:09:40]} O-O {[%clk 1:02:01]} 15. O-O
{[%clk 1:09:00]} a4 {[%clk 0:59:55]} 16. Bxb6 {[%clk 1:03:44]} cxb6
{[%clk 0:59:48]} 17. Nd2 {[%clk 1:03:45]} Na5 {[%clk 0:52:44]} 18. Nc3
{[%clk 1:00:58]} Nb3 {[%clk 0:47:41]} 19. Rb1 {[%clk 0:59:27]} Rac8
{[%clk 0:45:31]} 20. Nxb3 {[%clk 0:57:33]} Bxb3 {[%clk 0:45:01]} 21. Qd2
{[%clk 0:57:54]} Rc7 {[%clk 0:43:24]} 22. Rfc1 {[%clk 0:57:18]} Rfc8
{[%clk 0:41:37]} 23. Ra1 {[%clk 0:49:11]} b5 {[%clk 0:38:32]} 24. Nd1
{[%clk 0:46:05]} Rc2 {[%clk 0:33:08]} 25. Rxc2 {[%clk 0:43:47]} Rxc2
{[%clk 0:33:14]} 26. Qe1 {[%clk 0:42:22]} Qc7 {[%clk 0:28:15]} 27. e3
{[%clk 0:41:23]} Rc1 {[%clk 0:19:54]} 28. Rxc1 {[%clk 0:41:44]} Qxc1
{[%clk 0:20:18]} 29. Bf3 {[%clk 0:42:11]} g6 {[%clk 0:17:55]} 30. Qc3
{[%clk 0:40:25]} Qb1 {[%clk 0:08:43]} 31. Qd2 {[%clk 0:38:35]} Bc2
{[%clk 0:08:14]} 32. Be2 {[%clk 0:38:18]} f5 {[%clk 0:07:16]} 33. Kg2
{[%clk 0:37:21]} e4 {[%clk 0:05:28]} 34. dxe4 {[%clk 0:37:39]} Bxd1
{[%clk 0:04:50]} 35. Bxd1 {[%clk 0:37:40]} Qxe4+ {[%clk 0:05:02]} 36. Bf3
{[%clk 0:38:01]} Qb1 {[%clk 0:04:23]} 37. Bxb7 {[%clk 0:38:01]} Kf7
{[%clk 0:01:22]} 38. Qd5+ {[%clk 0:37:33]} Kg7 {[%clk 0:01:07]} 39. Qxb5
{[%clk 0:37:53]} Bf6 {[%clk 0:01:09]} 40. Qxa4 {[%clk 0:38:04]} Qxb2
{[%clk 0:01:20]} 41. Qb4 {[%clk 0:37:33]} Qa1 {[%clk 0:01:01]} 42. a4
{[%clk 0:37:04]} Bc3 {[%clk 0:00:56]} 43. Qc4 {[%clk 0:35:25]} Qb2
{[%clk 0:00:52]} 44. Bc6 {[%clk 0:35:34]} Be1 {[%clk 0:00:49]} 45. Qd4+
{[%clk 0:35:41]} Qxd4 {[%clk 0:01:12]} 46. exd4 {[%clk 0:36:05]} Kf6
{[%clk 0:01:29]} 47. f4 {[%clk 0:36:09]} Bb4 {[%clk 0:01:36]} 48. h3
{[%clk 0:36:12]} h6 {[%clk 0:01:31]} 49. Kf3 {[%clk 0:36:19]} Ke6
{[%clk 0:01:36]} 50. Be8 {[%clk 0:35:49]} Bc3 {[%clk 0:00:44]} 51. Ke3
{[%clk 0:35:36]} Kd5 {[%clk 0:00:37]} 52. Bf7+ {[%clk 0:35:56]} Kd6
{[%clk 0:00:51]} 53. Bxg6 {[%clk 0:36:11]} Kd5 {[%clk 0:01:09]} 54. Bf7+
{[%clk 0:36:12]} Kd6 {[%clk 0:01:28]} 55. Kd3 {[%clk 0:36:32]} Be1
{[%clk 0:01:46]} 56. g4 {[%clk 0:36:06]} Bg3 {[%clk 0:01:30]} 57. Ke3
{[%clk 0:36:18]} Ke7 {[%clk 0:01:45]} 58. Bg6 {[%clk 0:36:29]} fxg4
{[%clk 0:01:27]} 59. hxg4 {[%clk 0:36:53]} Kf6 {[%clk 0:01:36]} 60. f5
{[%clk 0:36:22]} Bc7 {[%clk 0:01:48]} 61. Ke4 {[%clk 0:36:24]} Kg5
{[%clk 0:01:51]} 62. Bh5 {[%clk 0:36:46]} Kf6 {[%clk 0:01:59]} 63. Kd5
{[%clk 0:36:23]} Bb6 {[%clk 0:02:07]} 64. Kc6 {[%clk 0:36:17]} Bxd4
{[%clk 0:02:19]} 65. a5 {[%clk 0:36:38]} Ke7 {[%clk 0:02:25]} 66. Kb7
{[%clk 0:36:56]} Kf6 {[%clk 0:02:31]} 67. a6 {[%clk 0:37:19]} Ke7
{[%clk 0:02:33]} 68. a7 {[%clk 0:37:42]} Bxa7 {[%clk 0:03:00]} 69. Kxa7
{[%clk 0:38:06]} Kf6 {[%clk 0:02:39]} 70. Kb6 {[%clk 0:38:25]} Ke7
{[%clk 0:02:47]} 71. Kc6 {[%clk 0:38:44]} Kf6 {[%clk 0:03:01]} 72. Kd6
{[%clk 0:38:47]} Kg7 {[%clk 0:03:04]} 73. Ke6 {[%clk 0:38:51]} Kg8
{[%clk 0:03:10]} 74. Kf6 {[%clk 0:39:01]} Kh8 {[%clk 0:03:32]} 75. Kg6
{[%clk 0:39:20]} Kg8 {[%clk 0:03:57]} 76. Kxh6 {[%clk 0:39:11]} Kh8
{[%clk 0:04:23]} 77. f6 {[%clk 0:39:16]} Kg8 {[%clk 0:04:38]} 78. f7+
{[%clk 0:39:37]} Kf8 {[%clk 0:04:58]} 79. g5 {[%clk 0:39:51]} Ke7
{[%clk 0:05:17]} 80. Kg7 {[%clk 0:40:14]} Ke6 {[%clk 0:05:30]} 81. f8=Q
{[%clk 0:40:35]} Kd7 {[%clk 0:05:54]} 82. Qe8+ {[%clk 0:40:38]} Kd6
{[%clk 0:06:18]} 83. Kf6 {[%clk 0:40:46]} Kc7 {[%clk 0:06:40]} 84. Qe6
{[%clk 0:40:33]} Kb7 {[%clk 0:06:58]} 85. Qd6 {[%clk 0:40:50]} Kc8
{[%clk 0:07:19]} 86. Qe7 {[%clk 0:41:12]} Kb8 {[%clk 0:07:39]} 87. Ke6
{[%clk 0:41:32]} Kc8 {[%clk 0:08:00]} 88. Kd6 {[%clk 0:41:47]} Kb8
{[%clk 0:08:21]} 89. Kc6 {[%clk 0:42:13]} 1-0